Eric Brighteyes

Detaylı Bibliyografya
Yazar: H. R. Haggard
Özet:Книга находится в премиум-версии платформы «Русский как иностранный».
Eric Brighteyes isan epic Viking novel by Henry Rider Haggard, and concerns the adventures of its eponymous principal character in 10th century Iceland. Eric Thorgrimursson (nicknamed «Brighteyes» for his most notable trait), strives to win the hand of his beloved, Gudruda the Fair. Her father Asmund, a priest of the old Norse gods, opposes the match, thinking Eric a man without prospects. But deadlier by far are the intrigues of Swanhild, Gudruda’s half-sister and a sorceress who desires Eric for herself. She persuades the chieftain Ospakar Blacktooth to woo Gudrida, making the two men enemies.
Baskı/Yayın Bilgisi: Москва, T8RUGRAM, 2018
Konular:
Online Erişim:Перейти к просмотру издания
Materyal Türü: MixedMaterials Elektronik

MARC

LEADER 00000 a2200000 4500
001 RU/ROS-EDU.RU/83479
856 4 |u https://www.ros-edu.ru/book?id=83479  |z Перейти к просмотру издания 
010 |a 978-5-521-06602-5 
100 |a 20180101d2018 |||y0rusy0250  
105 |a y z 000zy 
101 0 |a rus 
102 |a RU 
200 1 |a Eric Brighteyes  |b Электронный ресурс  |f H. R. Haggard 
700 1 |b H. R.  |a Haggard  |4 070 
330 |a Eric Brighteyes isan epic Viking novel by Henry Rider Haggard, and concerns the adventures of its eponymous principal character in 10th century Iceland. Eric Thorgrimursson (nicknamed «Brighteyes» for his most notable trait), strives to win the hand of his beloved, Gudruda the Fair. Her father Asmund, a priest of the old Norse gods, opposes the match, thinking Eric a man without prospects. But deadlier by far are the intrigues of Swanhild, Gudruda’s half-sister and a sorceress who desires Eric for herself. She persuades the chieftain Ospakar Blacktooth to woo Gudrida, making the two men enemies. 
210 |a Москва  |c T8RUGRAM  |d 2018 
610 1 |a художественная литература 
610 1 |a английский язык 
610 1 |a зарубежная проза 
610 1 |a классика 
610 1 |a роман 
675 |a 82 
686 |a 84  |2 rubbk 
300 |a Книга находится в премиум-версии платформы «Русский как иностранный». 
215 |a 400 с.